000
00376nam a2200133Ia 4500
008
151001s9999||||xx |||||||||||||| ||und||
100
_a
निशा ग्रेवाल
245
_a
बच्चों का मन
250
_a
1
260
_b
राजेंद्र प्रकाशन ठाणे
260
_c
2007
300
_a
16
365
_b
21
999
_c
992524
_d
992521